| Tag |
First Indicator |
Second Indicator |
Subfields |
| LEADER |
00000cam a2200000 a 4500 |
| 001 |
in00000024698 |
| 005 |
20151007054354.0 |
| 008 |
860203s1987 nyua b 00110 eng |
| 010 |
|
|
|a 86080236
|
| 020 |
|
|
|a 0870055135
|
| 035 |
|
|
|a (OCoLC)14916409
|
| 035 |
|
|
|9 AAB4841AM
|
| 040 |
|
|
|a DLC
|c DLC
|d m/c
|d TXA
|d UtOrBLW
|
| 049 |
|
|
|a TXAM
|c [A11031702]
|
| 050 |
0 |
0 |
|a TS1475
|b .F47 1987
|
| 082 |
0 |
|
|a 677/.022
|2 19
|
| 100 |
1 |
|
|a Fisher, Richard.
|
| 245 |
1 |
0 |
|a Textile print design :
|b a how-to-do-it book of surface design /
|c Richard Fisher, Dorothy Wolfthal.
|
| 264 |
|
1 |
|a [New York, N.Y.] :
|b Fairchild Publications,
|c [1987]
|
| 264 |
|
4 |
|c ©1987
|
| 300 |
|
|
|a 214 pages :
|b illustrations (some color) ;
|c 32 cm.
|
| 336 |
|
|
|a text
|b txt
|2 rdacontent
|
| 337 |
|
|
|a unmediated
|b n
|2 rdamedia
|
| 338 |
|
|
|a volume
|b nc
|2 rdacarrier
|
| 490 |
1 |
|
|a F.I.T. collection
|
| 504 |
|
|
|a Bibliography: pages 208-209.
|
| 500 |
|
|
|a Includes index.
|
| 650 |
|
0 |
|a Textile design.
|
| 700 |
1 |
|
|a Wolfthal, Dorothy.
|
| 830 |
|
0 |
|a F.I.T. collection.
|
| 999 |
|
|
|a MARS
|
| 999 |
f |
f |
|s 80f03be2-51a3-3510-9c81-72b958861790
|i 224b9177-cc38-3a3a-9a66-890e06eaefbb
|t 0
|
| 952 |
f |
f |
|p ric
|a Texas A&M University
|b Rellis Campus
|c Joint Library Facility
|d Remote Storage
|t 0
|e TS1475 .F47 1987
|h Library of Congress classification
|i unmediated -- volume
|m A14811031702
|
| 998 |
f |
f |
|a TS1475 .F47 1987
|t 0
|l Remote Storage
|